[Event "POL-chT U19 2nd League"]
[Site "Iwonicz"]
[Date "2015.08.01"]
[Round "2.18"]
[White "Borek, Dominika"]
[Black "Mysliwiec, Natalia"]
[Result "0-1"]
[WhiteElo "1096"]
[BlackElo "1355"]
[PlyCount "98"]
[EventDate "2015.07.25"]
[EventType "team-swiss"]
[EventRounds "11"]
[EventCountry "POL"]
[SourceTitle "EXT 2019"]
[Source "ChessBase"]
[SourceDate "2018.10.10"]
[SourceVersion "1"]
[SourceVersionDate "2018.10.10"]
[SourceQuality "1"]
[WhiteTeam "Tomaszow Lubelski UKS GIM Dwojka U19"]
[BlackTeam "Krakow Wisla U19"]
[WhiteTeamCountry "POL"]
[BlackTeamCountry "POL"]

1. e4 c5 2. Nf3 Nc6 3. d4 cxd4 4. Nxd4 g6 5. Be3 Bg7 6. b3 Nf6 7. Nc3 Qa5 8. Bd2 Nxd4 9. Nb5 Qb6 10. Be3 Qc6 11. Nxd4 Qxe4 12. Qd3 Qxd3 13. Bxd3 Nd5 14. Rc1 Nxe3 15. fxe3 a6 16. 0-0 0-0 17. Nf3 h6 18. Rcd1 d5 19. e4 dxe4 20. Bxe4 Rb8 21. Rd3 b5 22. Rfd1 Be6 23. Rc3 Bxc3 24. h3 Rfd8 25. Rf1 Bd5 26. Bd3 e5 27. Be2 Be4 28. Rc1 f6 29. Kh2 Bb2 30. Rb1 Ba3 31. Rf1 Bxc2 32. Ne1 Bd1 33. Bf3 Bxf3 34. Nxf3 Kg7 35. Re1 Re8 36. Nd2 Bb4 37. Re2 Bxd2 38. Rxd2 e4 39. Re2 e3 40. Kg3 Rbd8 41. a3 Rd2 42. Re1 Rd3 43. a4 Rxb3 44. axb5 axb5 45. Re2 Rd3 46. Kf3 Rd2 47. Re1 e2 48. Kf2 b4 49. Kg3 Rd1 0-1

[Event "POL-chT U19 2nd League"]
[Site "Iwonicz"]
[Date "2015.08.01"]
[Round "6.54"]
[White "Buchta, Agnieszka"]
[Black "Borek, Dominika"]
[Result "1-0"]
[WhiteElo "1619"]
[BlackElo "1096"]
[PlyCount "127"]
[EventDate "2015.07.25"]
[EventType "team-swiss"]
[EventRounds "11"]
[EventCountry "POL"]
[SourceTitle "EXT 2019"]
[Source "ChessBase"]
[SourceDate "2018.10.10"]
[SourceVersion "1"]
[SourceVersionDate "2018.10.10"]
[SourceQuality "1"]
[WhiteTeam "Podlesie UKS 21 U19"]
[BlackTeam "Tomaszow Lubelski UKS GIM Dwojka U19"]
[WhiteTeamCountry "POL"]
[BlackTeamCountry "POL"]

1. e4 e5 2. Nf3 Nc6 3. d4 exd4 4. Bc4 Nge7 5. Nxd4 d6 6. c3 Nxd4 7. cxd4 Be6 8. Bxe6 fxe6 9. Qh5+ g6 10. Qb5+ c6 11. Qxb7 Qc8 12. Qxc8+ Rxc8 13. Nc3 Bg7 14. Be3 0-0 15. 0-0 Rc7 16. Rab1 Rb8 17. f4 Rcb7 18. b3 Rd7 19. g4 c5 20. Rfd1 Rbd8 21. Rbc1 cxd4 22. Bxd4 Bxd4+ 23. Rxd4 e5 24. fxe5 dxe5 25. Rxd7 Rxd7 26. Rd1 Rb7 27. Kf2 Kf7 28. Na4 Rc7 29. Rd2 g5 30. Nb2 Ng6 31. Nc4 Ke7 32. Ne3 Rb7 33. Nf5+ Ke6 34. Rd6+ Kf7 35. Rc6 Rd7 36. Nd6+ Ke7 37. Nc4 Rb7 38. a4 Rd7 39. b4 Rb7 40. b5 Kd7 41. Na5 Rc7 42. Ra6 Rc2+ 43. Ke1 Rc7 44. Nc6 Kd6 45. Rxa7 Rxa7 46. Nxa7 Kc7 47. Nc6 Nf8 48. Nxe5 Kb6 49. Nc6 Nd7 50. e5 Nc5 51. Kd2 Nxa4 52. e6 Kc7 53. e7 Kd7 54. Kd3 Nb6 55. Kd4 Nc8 56. Kc5 Nd6 57. b6 h6 58. h3 Ne4+ 59. Kd5 Nd6 60. e8Q+ Nxe8 61. b7 Nc7+ 62. Kc5 Na6+ 63. Kb6 Nb4 64. Nxb4 1-0